000 00324nam a2200133Ia 4500
008 231219s9999 xx 000 0 und d
041 _aeng
082 _a820
100 _aLorenz Patrica
245 _aThe 5 Things We Need to be Happy
260 _bJaico Publishing House,Mumbai
300 _a227
650 _aManagement
999 _c990730
_d990730